000 00923nam a2200241Ia 4500
003 OSt
005 20221005113400.0
006 a|||||r|||| 00| 0
007 ta
008 221004b |||||||| |||| 00| 0 pan d
024 _a6271
037 _bGift, 05/09/2013,
_cTextual
040 _aCRL
_cCRL
_bpan
041 _2pan
_apan
082 _aY31.243, 153P5
100 _aਬਿਰਦੀ, ਮਹਿੰਦਰ ਸਿੰਘ
245 0 _aਡੱਗੋ ਰੁਮਾਣਾ ਸਾਡਾ ਪਿਡ ਇਕ ਸਰਬਪੱਖੀ ਅਧਿਐਨ
260 _aਰੁਮਾਣਾ
_bਸਮੁਹ ਰੁਮਾਣਾ ਭਾਈਚਾਰਾ ਪਿੰਡ ਡੱਗੋ ਰੁਮਾਣਾ ਭਾਰਤ
_c2005
300 _a408ਪੰ
_ccm.
650 _aਸਮਾਜ Fਾਸਤਰ
942 _hY31.243, 153P5
_cTEXL
_2cc
999 _c1027991
_d1027991